| 000 | 00642nam a2200253Ia 4500 | ||
|---|---|---|---|
| 003 | OSt | ||
| 005 | 20220918164523.0 | ||
| 006 | a|||||r|||| 00| 0 | ||
| 007 | ta | ||
| 008 | 220917b |||||||| |||| 00| 0 eng d | ||
| 020 | _a067150858X | ||
| 024 | _a30,070 | ||
| 037 | _cTextual | ||
| 040 |
_aARTS _cARTS _beng |
||
| 041 |
_2eng _aeng |
||
| 082 | _aO111,3NBL,1, M4 | ||
| 100 |
_aBlatty William _919310 |
||
| 245 | 0 | _aLegion | |
| 260 |
_aN.Y _bPocket Books USA _c1984 |
||
| 300 |
_a310p. _ccm. |
||
| 650 | _aENGLISH LITERATURE | ||
| 942 |
_hO111,3NBL,1, M4 _cTEXL _2CC |
||
| 999 |
_c125171 _d125171 |
||